[Event "St Petersburg Korchnoi Memorial op"]
[Site "St Petersburg"]
[Date "2023.08.21"]
[Round "6"]
[White "Doncev, Alexandr"]
[Black "Pischasov, Alexander"]
[Result "1-0"]
[WhiteElo "2265"]
[BlackElo "2062"]
[PlyCount "70"]
[EventDate "2023.08.18"]
[EventType "swiss"]
[EventRounds "9"]
[EventCountry "RUS"]
[SourceTitle "EXT 2024"]
[Source "ChessBase"]
[SourceDate "2023.10.10"]
[SourceVersion "1"]
[SourceVersionDate "2023.10.10"]
[SourceQuality "1"]

1. d4 d5 2. c4 c6 3. Nf3 Nf6 4. Nc3 dxc4 5. a4 Bf5 6. Ne5 Nbd7 7. Nxc4 Qc7 8. g3 e5 9. dxe5 Nxe5 10. Bf4 Nfd7 11. Bg2 g5 12. Ne3 gxf4 13. Nxf5 fxg3 14. hxg3 0-0-0 15. Qc2 a5 16. 0-0-0 Bb4 17. f4 Ng4 18. Ne4 Kb8 19. Bf3 h5 20. Kb1 Nb6 21. Rxd8+ Qxd8 22. Ng5 Ne5 23. Rd1 Qf6 24. e4 Nec4 25. Be2 Ne5 26. Qb3 Rd8 27. Rxd8+ Qxd8 28. Qd1 Qf6 29. Qd4 Ned7 30. Qxf6 Nxf6 31. e5 Nfd5 32. Nxf7 Nxa4 33. Bxh5 Nc5 34. Bf3 Nxf4 35. gxf4 Ne6 1-0

[Event "Moscow op-F 15th"]
[Site "Moscow"]
[Date "2019.02.02"]
[Round "9"]
[White "Pischasov, Alexander"]
[Black "Teiitbaev, Aktilek"]
[Result "1-0"]
[WhiteElo "2022"]
[BlackElo "2229"]
[PlyCount "131"]
[EventDate "2019.01.25"]
[EventType "swiss"]
[EventRounds "9"]
[EventCountry "RUS"]
[SourceTitle "CBM 188 Extra"]
[Source "ChessBase"]
[SourceDate "2019.02.26"]
[SourceVersion "1"]
[SourceVersionDate "2019.02.26"]
[SourceQuality "1"]

1. Nf3 d6 2. d4 g6 3. e4 Bg7 4. c3 Nf6 5. Qc2 0-0 6. Be2 c5 7. dxc5 dxc5 8. 0-0 Nc6 9. Bf4 Nh5 10. Rd1 Nd4 11. Nxd4 cxd4 12. Bxh5 e5 13. Bxe5 Bxe5 14. cxd4 Bxd4 15. Bf3 Be6 16. Nc3 Rc8 17. Qe2 Qb6 18. Nd5 Qxb2 19. Qxb2 Bxb2 20. Rab1 Ba3 21. Rb3 Bc5 22. Rxb7 Rfd8 23. g3 Kf8 24. Kg2 Rd6 25. Rc1 Ra6 26. Nc7 Ra5 27. Nxe6+ fxe6 28. Rc2 h5 29. e5 Rd8 30. h4 Bb6 31. Be4 g5 32. hxg5 Rxe5 33. Bf3 Rxg5 34. Rh7 Kg8 35. Rxh5 Rxh5 36. Bxh5 Kg7 37. Re2 Kf6 38. Bg4 Rd6 39. Bf3 Rd3 40. Be4 Rd6 41. Bc2 Rc6 42. Bb3 Rd6 43. Kf3 Rd3+ 44. Kg4 Rd6 45. f4 Bd4 46. Rh2 Kg7 47. Rh5 Bf6 48. Bc2 Rc6 49. Bb3 Rd6 50. Rc5 Bd4 51. Rc8 Kf6 52. Bc2 Bb6 53. Bb3 Bd8 54. Rc2 e5 55. Re2 exf4 56. gxf4 Bb6 57. Rh2 Kg7 58. Kf5 Rf6+ 59. Ke4 Rh6 60. Rd2 Rh4 61. Rd7+ Kf8 62. Be6 Ke8 63. Rg7 Rh2 64. Bb3 Re2+ 65. Kf5 Rh2 66. Rb7 1-0

[Event "Moscow op-F 14th"]
[Site "Moscow"]
[Date "2018.02.03"]
[Round "9"]
[White "Pischasov, Alexander"]
[Black "Oguzov, Shamil"]
[Result "1-0"]
[WhiteElo "1855"]
[BlackElo "2220"]
[PlyCount "61"]
[EventDate "2018.01.26"]
[EventType "swiss"]
[EventRounds "9"]
[EventCountry "RUS"]
[SourceTitle "CBM 182 Extra"]
[Source "ChessBase"]
[SourceDate "2018.02.23"]
[SourceVersion "1"]
[SourceVersionDate "2018.02.23"]
[SourceQuality "1"]

1. d4 Nf6 2. c4 e6 3. g3 c5 4. d5 exd5 5. cxd5 d6 6. Nc3 g6 7. Bg2 Bg7 8. Nf3 0-0 9. 0-0 a6 10. a4 Re8 11. Bf4 Ne4 12. Nxe4 Rxe4 13. Nd2 Rb4 14. b3 Bxa1 15. Qxa1 g5 16. Be3 Qe7 17. Qc1 b5 18. Bxc5 dxc5 19. d6 Qxd6 20. Bxa8 Nc6 21. Bxc6 Qxc6 22. axb5 axb5 23. Nf3 h6 24. Rd1 Bf5 25. Rd8+ Kh7 26. Qa1 f6 27. Qa7+ Kg6 28. Rg8+ Kh5 29. Qf7+ Kg4 30. Kg2 Bd7 31. Qg6 1-0